000 01137aam a2200289 a 4500
999 _c488649
_d488649
003 BLK
005 20250628162134.0
008 181012b bu ||||| |||| 00| 0 bu d
020 _a9786191996728
020 _a3800083829621
040 _aBLK
041 _aBUL
_cBUL
080 _aАвтомобили. Автомобилостроене
_b629.113
_x(02.053.2)
_z629.113(02.053.2)
100 _9280104
_aУат, Фиона
_eпърви автор
139 _aУат, Фиона
_bУ 16
245 _aВеселият автомобил
_cФиона Уат; ил. Стефано Тонети.
260 _bФют
_c2021
_aСофия
300 _a8 с.
_bс цв. ил.
_c28 см
_eавтомобилче с механично ключе
380 _aDN
650 0 _9353037
_aАвтомобили - детска и юношеска литература
653 7 _9180356
_aавтомобили
653 7 _9184826
_aдетска литература
700 _9599
_aТонетти, Стефано
_eил.
856 _i0.00
_ldisable
942 _cKNG
_2udc
_n0
_042
_s1
944 _k30542
_lРусанова Ирена